|
|
|
|
| LEADER |
03094nam a2200745 i 4500 |
| 001 |
nkc20243645243 |
| 003 |
CZ PrNK |
| 005 |
20250204114658.0 |
| 007 |
ta |
| 008 |
250109s2024 xr ach e 001 0ceng |
| 015 |
|
|
|a cnb003645243
|
| 020 |
|
|
|a 978-80-909406-1-1
|q (v knize neuvedeno ;
|q soubor)
|z 978-80-902816-3-9
|
| 020 |
|
|
|a 978-80-909406-3-5
|q (v knize neuvedeno ;
|q vázáno)
|z 978-80-902816-2-2
|
| 035 |
|
|
|a (OCoLC)1498299653
|
| 040 |
|
|
|a ABA001
|b cze
|d OLA001
|e rda
|
| 041 |
1 |
|
|a eng
|h cze
|
| 043 |
|
|
|a e-xr---
|b e-xr-pg
|a e------
|2 czenas
|
| 045 |
|
|
|a x-y-
|
| 072 |
|
7 |
|a 77
|x Fotografie. Fotografické postupy
|2 Konspekt
|9 21
|
| 080 |
|
|
|a 771.12
|2 MRF
|
| 080 |
|
|
|a 77:069.5
|2 MRF
|
| 080 |
|
|
|a 77.041.5
|2 MRF
|
| 080 |
|
|
|a 929-058.1
|2 MRF
|
| 080 |
|
|
|a (437.3)
|2 MRF
|
| 080 |
|
|
|a (437.311)
|2 MRF
|
| 080 |
|
|
|a (4)
|2 MRF
|
| 080 |
|
|
|a (084.12)
|2 MRF
|
| 245 |
0 |
4 |
|a The Langhans system.
|n Volume II,
|p The gallery of eminent persons /
|c Zuzana Meisnerová Wismer, Lukáš Bártl, Robert Krumphanzl (eds.) ; English translation Martin Tharp
|
| 246 |
3 |
0 |
|a Gallery of eminent persons
|
| 250 |
|
|
|a First edition
|
| 264 |
|
1 |
|a Praha :
|b Pro Langhans,
|c 2024
|
| 300 |
|
|
|a Strana 350-751 :
|b ilustrace (některé barevné), portréty, faksimile ;
|c 31 cm
|
| 336 |
|
|
|a text
|b txt
|2 rdacontent
|
| 336 |
|
|
|a statický obraz
|b sti
|2 rdacontent
|
| 337 |
|
|
|a bez média
|b n
|2 rdamedia
|
| 338 |
|
|
|a svazek
|b nc
|2 rdacarrier
|
| 500 |
|
|
|a Přeloženo z češtiny
|
| 500 |
|
|
|a Správná ISBN do publikace vlepena
|
| 500 |
|
|
|a Obsahuje rejstřík
|
| 500 |
|
|
|a 250 výtisků
|
| 610 |
2 |
7 |
|a Ateliér Langhans
|7 kn20050203004
|2 czenas
|
| 648 |
|
7 |
|a 19.-20. století
|7 ch757015
|2 czenas
|
| 650 |
0 |
7 |
|a fotografické ateliéry
|7 ph138945
|z Česko
|y 19.-20. století
|2 czenas
|
| 650 |
0 |
7 |
|a fotografické sbírky
|7 ph120328
|z Česko
|y 19.-20. století
|2 czenas
|
| 650 |
0 |
7 |
|a portrétní fotografie
|7 ph124370
|z Česko
|y 19.-20. století
|2 czenas
|
| 650 |
0 |
7 |
|a osobnosti
|7 ph115615
|z Česko
|y 19.-20. století
|2 czenas
|
| 650 |
0 |
7 |
|a osobnosti
|7 ph115615
|z Evropa
|y 19.-20. století
|2 czenas
|
| 650 |
0 |
9 |
|a photographic studios
|z Czechia
|y 19th-20th centuries
|2 eczenas
|
| 650 |
0 |
9 |
|a photograph collections
|z Czechia
|y 19th-20th centuries
|2 eczenas
|
| 650 |
0 |
9 |
|a portrait photography
|z Czechia
|y 19th-20th centuries
|2 eczenas
|
| 650 |
0 |
9 |
|a celebrities
|z Czechia
|y 19th-20th centuries
|2 eczenas
|
| 650 |
0 |
9 |
|a celebrities
|z Europe
|y 19th-20th centuries
|2 eczenas
|
| 651 |
|
7 |
|a Praha (Česko)
|7 ge118011
|2 czenas
|
| 651 |
|
9 |
|a Prague (Czechia)
|2 eczenas
|
| 655 |
|
7 |
|a fotografické publikace
|7 fd132276
|2 czenas
|
| 655 |
|
9 |
|a photographical works
|2 eczenas
|
| 700 |
1 |
|
|a Wismerová-Meisnerová, Zuzana,
|d 1956-
|7 jx20050110003
|4 edt
|
| 700 |
1 |
|
|a Bártl, Lukáš,
|d 1982-
|7 mzk2008468933
|4 edt
|
| 700 |
1 |
|
|a Krumphanzl, Robert,
|d 1973-
|7 js20030519005
|4 edt
|
| 700 |
1 |
|
|a Tharp, Martin,
|d 1970-
|7 ntka174143
|4 trl
|
| 910 |
2 |
|
|a BOA001
|b 4-1538.585,2
|
| 990 |
|
|
|a BK
|
| 995 |
|
|
|a 01
|
| 991 |
|
|
|b 202501
|c NOV
|
| 996 |
6 |
|
|b 2610992802
|c 4-1538.585,2
|l MZK
|r Sklad / do 1 hodiny
|n 0
|p p.v.
|w 001991993
|u 000010
|a 1
|e BOA001
|j MZK50
|s P
|